| 000 | 00526ntm a22001817a 4500 | ||
|---|---|---|---|
| 005 | 20230412162239.0 | ||
| 008 | 160513b2007 xxu||||| |||| 00| 0 spa d | ||
| 020 | _a9789706506221 | ||
| 041 |
_aESP _aING |
||
| 082 | _aR 423 D545d | ||
| 245 | _aDiccionario Macmillan Castillo: español-inglés, inglés-español | ||
| 260 |
_aMéxico _bEditorial Macmillan _c2007 |
||
| 300 | _a727 páginas | ||
| 505 | _aContiene disco compacto N° 621 | ||
| 650 |
_aDICCIONARIOS _973989 |
||
| 650 |
_aINGLÉS- ESPAÑOL _973990 |
||
| 942 | _cREF | ||
| 999 |
_c8062 _d8062 |
||